000
00436nam a2200169Ia 4500
008
090124s9999 xx 000 0 und d
082
_b
5590
_a
529
100
_a
सबनीस पां.जी.
245
_a
रुसो
250
_a
1
260
_c
1937
600
_a
सबनीस पां.जी.
630
_a
रुसो
700
_a
सबनीस पां.जी.
730
_a
रुसो
942
_c
BOOK
999
_c
119531
_d
119531